000 00366 a2200157 4500
001 75507
020 _a9788598553122
040 _cAnchieta - Colégio São Paulo
100 _aCedraz, Antônio Luiz Ramos
240 1 0 _aA vaca preguiçosa
_lpor
245 1 0 _aA vaca preguiçosa
300 _a[16]
362 0 _a2012
650 4 _aLiteratura infantil
942 _cBK
999 _c75507
_d75507